000 01178nam2a22002291 4500
001 rc\2241777
005 20250623065700.0
035 _a(NLR Aleph) 006650229
090 _a4786417
_c4786417
100 _a20110829d1978 |||y0rusy50 ca
101 0 _arus
102 _aRU
105 _ay z |||||
200 0 _aЧ. 1
210 _d1978
_aБ. м.
215 _a358 с.
461 0 _1001rc\2241776
_12001#$aИтоговая конференция Военно-научного общества слушателей, посвященная 60-й годовщине ВЛКСМ, 25 апреля 1978 г.$eТез. и реф. докл.$vЧ. 1
_94786409
_aВоенно-медицинская академия им. С. М. Кирова (Ленинград). Военно-научное общество
_cЛенинград
_d1978
_nБ. и.
_oТез. и реф. докл.
_tИтоговая конференция Военно-научного общества слушателей, посвященная 60-й годовщине ВЛКСМ, 25 апреля 1978 г.
_vЧ. 1
801 0 _aRU
_bNLR
_gpsbo
801 1 _aRU
_bELAR
_2rusmarc
852 _aNLR
_j80-3/9412
942 _cBOOK
980 _aNB